000 00966nam a2200265Ia 4500
003 OSt
005 20220923211153.0
006 a|||||r|||| 00| 0
007 ta
008 220922b |||||||| |||| 00| 0 pan d
020 _a8187654309 (hbk)
_c490
024 _a336,264
037 _bSP/5380, 17/03/2018, Star Publications (Pvt.) Ltd.
_cTextual
040 _aARTS
_cARTS
_bpan
041 _2pan
_apan
082 _aO153,2:g, Q7
100 _aਸਿੰਘ, ਹੀਰਾ, ਥਦ.
_9159111
245 0 _aਨਵਾਂ ਪੰਜਾਬੀ ਨਾਟਕ
_b ਇਕ ਅਧਿਐਨ
260 _aਦਿੱਲੀ
_b ਮਨਪ੍ਰੀਤ ਪ੍ਰਕਾFਨ
_c2017
300 _a192ਪ0
_ccm.
650 _a ਪੰਜਾਬੀ ਨਾਟਕ
_9156368
650 _aਪੰਜਾਬੀ ਸਾਹਿਤ
942 _hO153,2:g, Q7
_cTEXL
_2CC
999 _c296307
_d296307